'G' Entertainment Images Quiz Stats

 Plays Quiz Updated Apr 20, 2018

Challenge
Share
Tweet
Score 0/25 Timer 04:00
2 Plays Today
name % Correct
Grumpy
94.7%
Genie
90.9%
Grease
90.4%
Ghostbusters
86.7%
Gladiator
86.3%
The Golden Girls
84.1%
Game of Thrones
77.3%
Guess Who?
76.9%
Gilligan's Island
74.3%
Goldfinger
72.5%
Green Day
72.4%
Gaston
72.2%
Guitar Hero (III)
72.2%
name % Correct
Grand Theft Auto (III)
66.8%
Glee
65.5%
The Game of Life
64.4%
Geppetto
62.8%
Gorillaz
62.3%
Guns N' Roses
59%
Get Smart
47.2%
Gigli
45.2%
Goldeneye: 007
29%
The Go-Go's
28.9%
Grandmother Willow
27.5%
Grateful Dead
18.3%

You're not logged in!

Compare scores with friends on all Sporcle quizzes.
OR
Log In

You Might Also Like...

Show Comments

Extras

Top Quizzes Today


Score Distribution

Your Account Isn't Verified!

In order to create a playlist on Sporcle, you need to verify the email address you used during registration. Go to your Sporcle Settings to finish the process.

Report this User

Report this user for behavior that violates our Community Guidelines.

Details: